Uttar Pradesh: primary census abstract, general population (Record no. 486477)

000 -LEADER
fixed length control field 00456cam a22001337a 4500
008 - FIXED-LENGTH DATA ELEMENTS--GENERAL INFORMATION
fixed length control field 180718b1996 xxu||||| |||| 00| 0 eng d
082 ## - DEWEY DECIMAL CLASSIFICATION NUMBER
Classification number A81x54 91/25/Pt2B/1
100 ## - MAIN ENTRY--PERSONAL NAME
Personal name Census of India 1991
245 ## - TITLE STATEMENT
Title Uttar Pradesh: primary census abstract, general population
260 ## - PUBLICATION, DISTRIBUTION, ETC.
Place of publication, distribution, etc. Delhi
Name of publisher, distributor, etc. The Controller of Publications
Date of publication, distribution, etc. 1996
300 ## - PHYSICAL DESCRIPTION
Extent 753+p.
440 ## - SERIES STATEMENT/ADDED ENTRY--TITLE
Title Census of India 1991. Series-25, Uttar Pradesh. Part II-B(i)
650 ## - SUBJECT ADDED ENTRY--TOPICAL TERM
Topical term or geographic name entry element Uttar Pradesh - Census
Holdings
Withdrawn status Lost status Damaged status Not for loan Permanent Location Current Location Date acquired Full call number Barcode Date last seen Price effective from Koha item type
        Indian Institute of Public Administration Indian Institute of Public Administration 2018-08-04 A81x54 91/25/Pt2B/1 G19258 2018-08-04 2018-08-04 G

Powered by Koha